[Event "Eastern op 43rd"]
[Site "Bethesda"]
[Date "2016.12.30"]
[Round "6"]
[White "De Fotis, Gary"]
[Black "Lucente, Mike"]
[Result "0-1"]
[WhiteElo "1977"]
[BlackElo "1976"]
[PlyCount "104"]
[EventDate "2016.12.27"]
[EventType "swiss"]
[EventRounds "7"]
[EventCountry "USA"]
[SourceTitle "CBM 176 Extra"]
[Source "ChessBase"]
[SourceDate "2017.03.02"]
[SourceVersion "1"]
[SourceVersionDate "2017.03.02"]
[SourceQuality "1"]

1. d4 Nf6 2. c4 e6 3. Nc3 Bb4 4. e3 0-0 5. Bd3 d5 6. Nf3 c5 7. 0-0 Nc6 8. a3 cxd4 9. axb4 dxc3 10. bxc3 dxc4 11. Bxc4 Qc7 12. Qb3 Bd7 13. Bb2 Ng4 14. h3 Nge5 15. Nxe5 Nxe5 16. Be2 Rfc8 17. Rfd1 Be8 18. Rd4 b5 19. Ra5 Nc6 20. Rg4 Nxa5 21. bxa5 e5 22. c4 f6 23. cxb5+ Bf7 24. Qb4 Rab8 25. f4 h5 26. Rg3 exf4 27. exf4 h4 28. Re3 Re8 29. Rxe8+ Bxe8 30. Qc4+ Qxc4 31. Bxc4+ Bf7 32. Bxf7+ Kxf7 33. Bd4 Rxb5 34. Bxa7 Rxa5 35. Bf2 Ra1+ 36. Kh2 Rf1 37. Bxh4 Rxf4 38. Bg3 Rc4 39. Bb8 Rc2 40. Bf4 Kg6 41. Bb8 Kf5 42. Ba7 Ke4 43. Bb8 f5 44. h4 f4 45. Kh3 Rc3+ 46. Kh2 g6 47. Bd6 Kf5 48. Bb4 Rb3 49. Be1 Kg4 50. Bf2 Rb2 51. Kg1 Rb1+ 52. Kh2 Rf1 0-1

[Event "Eastern op 43rd"]
[Site "Bethesda"]
[Date "2016.12.28"]
[Round "2"]
[White "Wang, Jason"]
[Black "Lucente, Mike"]
[Result "1-0"]
[WhiteElo "2006"]
[BlackElo "1976"]
[PlyCount "44"]
[EventDate "2016.12.27"]
[EventType "swiss"]
[EventRounds "7"]
[EventCountry "USA"]
[SourceTitle "CBM 176 Extra"]
[Source "ChessBase"]
[SourceDate "2017.03.02"]
[SourceVersion "1"]
[SourceVersionDate "2017.03.02"]
[SourceQuality "1"]

1. d4 Nf6 2. c4 e6 3. Nc3 d5 4. cxd5 exd5 5. Bg5 Bb4 6. e3 h6 7. Bh4 g5 8. Bg3 Ne4 9. Qc2 c5 10. Bd3 0-0 11. Nge2 cxd4 12. exd4 Nc6 13. 0-0 Nxg3 14. hxg3 Be6 15. Qb3 Bxc3 16. bxc3 Na5 17. Qc2 Rc8 18. f4 Bg4 19. Rae1 Qc7 20. fxg5 hxg5 21. Bf5 Bxe2 22. Qxe2 Qxg3 1-0